Deti polnoci

Saved in:
Bibliographic Details
Main Author Gemeinhart, Dan
Format Electronic eBook
LanguageCzech
Published Bambook SK 2023
Edition1. elektronické vydání
Subjects
Online AccessDostupné v BOOKPORT po přihlášení pomocí eduID
ISBN978-80-8090-612-2
978-80-8090-610-8
Physical Description1 online zdroj (344 stran)

Cover

LEADER 00000nam a2200000 i 4500
001 bkp100198
003 CZ-prgp
005 20240604131426.0
006 m o d
007 cr cn
008 240604s2023 xr o 000 0 cze
020 |a 978-80-8090-612-2  |c 436 Kč  |q (online ; epub) 
020 |a 978-80-8090-610-8  |c 250 Kč  |q (print) 
040 |a Grada  |b cze  |e rda 
100 1 |a Gemeinhart, Dan 
245 1 0 |a Deti polnoci  |c Dan Gemeinhart 
250 |a 1. elektronické vydání 
264 1 |b Bambook SK  |c 2023 
300 |a 1 online zdroj (344 stran) 
336 |a text  |b txt  |2 rdacontent 
337 |a počítač  |b c  |2 rdamedia 
338 |a online zdroj  |b cr  |2 rdacarrier 
520 3 |a O polnoci dorazí do malého mestečka kamión so siedmimi deťmi, ktorí vstúpia do opusteného domu. Ich príchod sleduje nesmelý Ravani. Postáva pri okne a chce sa o nich dozvedieť čo najviac. Nakoniec si medzi záhadnými deťmi nájde kamarátku, srdečnú a odvážnu Virgíniu. Lenže nové priateľstvo so sebou prináša aj zopár tajomstiev a jedno veľké nebezpečenstvo. 
650 0 4 |a Dobrodružství, napětí, fantasy 
856 4 0 |u https://www.bookport.cz/AccountSaml/SignIn/?idp=https://shibboleth.utb.cz/idp/shibboleth&returnUrl=/kniha/deti-polnoci-12671/  |y Dostupné v BOOKPORT po přihlášení pomocí eduID